[Event "Fyli op 4th"]
[Site "Fyli"]
[Date "2012.05.19"]
[Round "6"]
[White "Diamandis, Georgios"]
[Black "Balamoti, Kiriaki"]
[Result "1-0"]
[WhiteElo "1821"]
[BlackElo "1010"]
[PlyCount "67"]
[EventDate "2012.03.24"]
[EventType "swiss"]
[EventRounds "7"]
[EventCountry "GRE"]
[SourceTitle "EXT 2013"]
[Source "ChessBase"]
[SourceDate "2012.11.22"]
[SourceVersion "1"]
[SourceVersionDate "2012.11.22"]
[SourceQuality "1"]

1. e4 e5 2. Nf3 Nc6 3. Bc4 Nf6 4. Ng5 Qe7 5. Bxf7+ Kd8 6. Bb3 Ke8 7. d3 d6 8. Nc3 h6 9. Nd5 Qd7 10. Nxf6+ gxf6 11. Qh5+ Kd8 12. Nf7+ Ke7 13. Nxh8 Nd4 14. Qf7+ Kd8 15. Qxf8+ Qe8 16. Nf7+ Kd7 17. Qxe8+ Kxe8 18. Nxh6 Bd7 19. c3 Ne6 20. Bxe6 Bxe6 21. Nf5 Kf7 22. g4 Rg8 23. f3 b5 24. a4 a6 25. axb5 axb5 26. Ra7 Rc8 27. Nxd6+ Kg6 28. Nxc8 Bxc8 29. Rxc7 Ba6 30. Rc6 Bb7 31. Rb6 Bc8 32. Rxb5 Ba6 33. Rb6 Bxd3 34. h4 1-0

[Event "Fyli op 4th"]
[Site "Fyli"]
[Date "2012.03.31"]
[Round "2"]
[White "Abelakiotis, Stavros"]
[Black "Balamoti, Kiriaki"]
[Result "1-0"]
[WhiteElo "1000"]
[BlackElo "1010"]
[PlyCount "41"]
[EventDate "2012.03.24"]
[EventType "swiss"]
[EventRounds "7"]
[EventCountry "GRE"]
[SourceTitle "EXT 2013"]
[Source "ChessBase"]
[SourceDate "2012.11.22"]
[SourceVersion "1"]
[SourceVersionDate "2012.11.22"]
[SourceQuality "1"]

1. e4 e5 2. Nf3 Nc6 3. Bc4 Bc5 4. c3 Nf6 5. d4 exd4 6. cxd4 Bb4+ 7. Nc3 Nxe4 8. 0-0 Nxc3 9. bxc3 Bxc3 10. Ba3 Bxa1 11. Re1+ Ne7 12. Rxe7+ Qxe7 13. Bxe7 Kxe7 14. Qxa1 d6 15. Ng5 f6 16. Qe1+ Kd8 17. Nf7+ Kd7 18. Nxh8 b6 19. Bd5 Bb7 20. Qe6+ Kd8 21. Nf7# 1-0

[Event "Fyli op 3rd"]
[Site "Fyli"]
[Date "2011.10.14"]
[Round "5"]
[White "Balamoti, Kiriaki"]
[Black "Hondrovasilopoulos, Ioannis"]
[Result "0-1"]
[WhiteElo "1010"]
[BlackElo "1522"]
[PlyCount "38"]
[EventDate "2011.09.16"]
[EventType "swiss"]
[EventRounds "7"]
[EventCountry "GRE"]
[SourceTitle "EXT 2013"]
[Source "ChessBase"]
[SourceDate "2012.11.22"]
[SourceVersion "1"]
[SourceVersionDate "2012.11.22"]
[SourceQuality "1"]

1. e4 e5 2. Nf3 Nc6 3. Nc3 Bc5 4. Nxe5 Nxe5 5. d4 Bd6 6. dxe5 Bxe5 7. Bb5 Nf6 8. Bg5 h6 9. Be3 Bxc3+ 10. bxc3 0-0 11. Bd3 Re8 12. f3 d5 13. 0-0 b6 14. c4 dxe4 15. fxe4 Bb7 16. c5 Nxe4 17. Bxe4 Qxd1 18. Raxd1 Rxe4 19. Bf2 Re2 0-1

[Event "Fyli op 3rd"]
[Site "Fyli"]
[Date "2011.09.30"]
[Round "3"]
[White "Balamoti, Kiriaki"]
[Black "Karystianos, Petros"]
[Result "0-1"]
[WhiteElo "1010"]
[BlackElo "1518"]
[PlyCount "52"]
[EventDate "2011.09.16"]
[EventType "swiss"]
[EventRounds "7"]
[EventCountry "GRE"]
[SourceTitle "EXT 2013"]
[Source "ChessBase"]
[SourceDate "2012.11.22"]
[SourceVersion "1"]
[SourceVersionDate "2012.11.22"]
[SourceQuality "1"]

1. e4 e5 2. Nc3 Nf6 3. Nf3 Nc6 4. Bb5 Nd4 5. d3 Nxb5 6. Nxb5 c6 7. Nc3 d6 8. Bg5 h6 9. Be3 Qc7 10. d4 Be7 11. b4 0-0 12. 0-0 Bg4 13. a3 Rad8 14. Ne2 Nxe4 15. Ng3 Nc3 16. Qd3 Bxf3 17. Qxc3 Bg4 18. Qd3 Qd7 19. c4 f5 20. dxe5 f4 21. Bxa7 fxg3 22. Qxg3 dxe5 23. Qxe5 Bf6 24. Qf4 Bxa1 25. Rxa1 Qd1+ 26. Rxd1 Rxd1# 0-1